[Event "3th Serbian Open 2023"]
[Site "Hotel Metropol, Serbia"]
[Date "2023.07.18"]
[Round "3.21"]
[White "Cardoso Cardoso, Jose Gabriel"]
[Black "Yordanov, Lachezar"]
[Result "0-1"]
[WhiteElo "2480"]
[BlackElo "2288"]
[PlyCount "142"]
[EventDate "2023.??.??"]

1. e4 c5 2. Nf3 d6 3. d4 cxd4 4. Nxd4 Nf6 5. Nc3 a6 6. Bg5 Nbd7 7. Bc4 Qb6 8. Bb3 e6 9. Qd2 Be7 10. O-O-O Nc5 11. f3 Qc7 12. g4 b5 13. a3 O-O 14. Ba2 Bd7 15. Be3 Rab8 16. b4 Na4 17. Nxa4 bxa4 18. Kb2 a5 19. c3 Rfc8 20. Rc1 Be8 21. Bg5 Bb5 22. Nxb5 Rxb5 23. h4 Rcb8 24. Ka1 Rc8 25. Rhd1 Rb6 26. h5 h6 27. Be3 Rc6 28. g5 hxg5 29. Bd4 axb4 30. axb4 Nxh5 31. Rh1 g6 32. Rcg1 Kf8 33. c4 Qd8 34. f4 e5 35. Bc3 exf4 36. Rxh5 gxh5 37. Qd4 Ke8 38. Rd1 Qb6 39. c5 Rxc5 40. bxc5 Qxc5 41. Qxa4+ Qc6 42. Qxc6+ Rxc6 43. Kb2 g4 44. Bd5 Rc8 45. Bd4 Bg5 46. e5 dxe5 47. Bxe5 f3 48. Re1 Kf8 49. Rf1 Re8 50. Bc7 Kg7 51. Rg1 Kg6 52. Bg3 Rd8 53. Bc6 Rh8 54. Be4+ Kf6 55. Kc3 Rd8 56. Rh1 Re8 57. Kd3 Rd8+ 58. Kc3 h4 59. Rxh4 Rc8+ 60. Kd4 Bxh4 61. Bxh4+ Ke6 62. Bg3 f5 63. Bd3 Ra8 64. Ke3 Ra3 65. Kd4 Kf6 66. Bh4+ Kg6 67. Ke3 Kh5 68. Be7 f4+ 69. Ke4 Ra4+ 70. Kf5 g3 71. Bc2 f2 0-1

[Event "3th Serbian Open 2023"]
[Site "Hotel Metropol, Serbia"]
[Date "2023.07.18"]
[Round "3.4"]
[White "Pranesh, M."]
[Black "Neelash, Saha"]
[Result "0-1"]
[WhiteElo "2507"]
[BlackElo "2429"]
[PlyCount "90"]
[EventDate "2023.??.??"]

1. e4 e5 2. Nf3 Nf6 3. d4 Nxe4 4. Bd3 Nc6 5. Nxe5 Nxe5 6. dxe5 Nc5 7. Bc4 d6 8. Qf3 Qe7 9. Be3 Qxe5 10. Bxf7+ Kd8 11. Qe2 Be7 12. Nd2 Ne6 13. O-O-O Rf8 14. Nf3 Nf4 15. Qf1 Qf6 16. Bb3 Bd7 17. Kb1 Nxg2 18. Qxg2 Bc6 19. Bg5 Bxf3 20. Bxf6 Bxg2 21. Bxg7 Rxf2 22. Rhg1 Be4 23. Bd4 Rf4 24. Rg8+ Bf8 25. Be3 Rf3 26. Bc1 Kd7 27. Rg4 Bf5 28. Rb4 Rb8 29. Re1 c6 30. Ka1 d5 31. Rh4 Re8 32. Rd1 b5 33. a4 a6 34. Ka2 Bd6 35. Rg1 Bg6 36. c3 Rf2 37. h3 Bc5 38. Rd1 Be3 39. c4 Bxc1 40. Rxc1 bxc4 41. Bd1 Rb8 42. Ka3 Rbxb2 43. a5 Ra2+ 44. Kb4 Kd6 45. Rb1 Bxb1 0-1

[Event "3th Serbian Open 2023"]
[Site "Hotel Metropol, Serbia"]
[Date "2023.07.18"]
[Round "3.19"]
[White "Nenezic, Marko"]
[Black "Omorjan, Dejan"]
[Result "0-1"]
[WhiteElo "2514"]
[BlackElo "2314"]
[PlyCount "72"]
[EventDate "2023.??.??"]

1. Nf3 c5 2. g3 g6 3. Bg2 Bg7 4. e4 Nc6 5. O-O d6 6. c3 e5 7. a3 Nge7 8. b4 a6 9. d3 O-O 10. Be3 b6 11. Qd2 Kh8 12. Bh6 Bxh6 13. Qxh6 f6 14. Qd2 Be6 15. Qb2 Qd7 16. Nbd2 Rab8 17. Rfe1 b5 18. d4 cxd4 19. cxd4 Bg4 20. Nb3 Qa7 21. d5 Bxf3 22. Bxf3 Nd8 23. h4 f5 24. Kg2 Rf6 25. Rac1 Nf7 26. exf5 Nxf5 27. Nd2 Nd4 28. Bd1 Nc2 29. Qxc2 Qxf2+ 30. Kh3 Qxe1 31. Bg4 Qe3 32. Ne4 Rf4 33. Qc7 Rf8 34. Qe7 Kg8 35. Be6 Qxc1 36. gxf4 Qh1+ 0-1

[Event "3th Serbian Open 2023"]
[Site "Hotel Metropol, Serbia"]
[Date "2023.07.18"]
[Round "3.20"]
[White "Veljanoski, Andrej"]
[Black "Maksimovic, Bojan"]
[Result "0-1"]
[WhiteElo "2327"]
[BlackElo "2482"]
[PlyCount "110"]
[EventDate "2023.??.??"]

1. e4 c5 2. Nf3 e6 3. d4 cxd4 4. Nxd4 a6 5. c4 Nf6 6. Nc3 Qc7 7. Be2 Bb4 8. f3 O-O 9. O-O d5 10. cxd5 exd5 11. Bg5 Nbd7 12. Rc1 dxe4 13. fxe4 Qd6 14. Nf3 Qb6+ 15. Kh1 Bxc3 16. Rxc3 Nxe4 17. Rb3 Qg6 18. Be3 Ndc5 19. Rb4 Bg4 20. Rd4 Ne6 21. Rd5 Rad8 22. Nh4 Bxe2 23. Qxe2 Qg3 24. Rxd8 Rxd8 25. Nf5 Qe5 26. Qh5 Qc7 27. Qg4 Nf6 28. Qh4 Nd5 29. Bh6 f6 30. Rc1 Ndf4 31. Qe1 Qe5 32. Bxf4 Qxf5 33. Be3 Qd5 34. b3 Kf7 35. h3 Rd7 36. Qg3 Qe5 37. Qxe5 fxe5 38. Kg1 Kf6 39. Rf1+ Ke7 40. Rc1 Rc7 41. Bg5+ Kd6 42. Rd1+ Nd4 43. Rf1 h6 44. Bd8 Rd7 45. Bh4 Kd5 46. Rf8 Ke4 47. Re8 Ne2+ 48. Kf2 Nf4 49. Bg3 Rd2+ 50. Kf1 Rxa2 51. Bxf4 Kxf4 52. Rf8+ Kg3 53. Rf3+ Kh2 54. g4 g5 55. Re3 b5 0-1

[Event "3th Serbian Open 2023"]
[Site "Hotel Metropol, Serbia"]
[Date "2023.07.18"]
[Round "3.1"]
[White "Bronstein, Or"]
[Black "Chigaev, Maksim"]
[Result "1-0"]
[WhiteElo "2448"]
[BlackElo "2621"]
[PlyCount "75"]
[EventDate "2023.??.??"]

1. d4 e6 2. c4 b6 3. a3 Bb7 4. Nc3 Nf6 5. d5 Bd6 6. Nf3 O-O 7. g3 exd5 8. cxd5 Re8 9. Bg2 a5 10. O-O Na6 11. Nd4 Nc5 12. Qc2 a4 13. Rd1 Be5 14. Rb1 d6 15. e4 Qd7 16. f3 c6 17. dxc6 Bxc6 18. Nxc6 Qxc6 19. Na2 b5 20. Nb4 Qb6 21. Be3 Rac8 22. Bh3 Rc7 23. f4 Bxf4 24. gxf4 Rxe4 25. Nd5 Nxd5 26. Qxe4 Nxe4 27. Bxb6 Nxb6 28. Bf5 Nf6 29. Rxd6 Nbd7 30. Rbd1 Nf8 31. Rb6 Rc5 32. Bd3 h5 33. Rxb5 Rc8 34. Bf5 Re8 35. Rd6 h4 36. Rc6 Ne6 37. Bxe6 fxe6 38. Rbc5 1-0

[Event "3th Serbian Open 2023"]
[Site "Hotel Metropol, Serbia"]
[Date "2023.07.18"]
[Round "3.3"]
[White "Mamatov, Melis"]
[Black "Sadhwani, Raunak"]
[Result "0-1"]
[WhiteElo "2403"]
[BlackElo "2608"]
[PlyCount "74"]
[EventDate "2023.??.??"]

1. e4 c5 2. Nf3 Nc6 3. Bb5 g6 4. Bxc6 dxc6 5. d3 Bg7 6. h3 e5 7. Be3 b6 8. Nc3 Ne7 9. Qd2 h6 10. a3 f5 11. Qc1 f4 12. Bd2 O-O 13. b4 c4 14. dxc4 Be6 15. Na4 g5 16. Bc3 Ng6 17. Qd2 Qe7 18. O-O-O Bf6 19. Qd6 Qe8 20. Nxe5 Bxe5 21. Bxe5 Rf7 22. Qd4 c5 23. Nxc5 bxc5 24. Qxc5 Rc8 25. Qa5 Bxc4 26. Bd6 Qxe4 27. Rhe1 Qxg2 28. Bc5 Kh7 29. Kb2 Qxh3 30. Rd4 Be6 31. Qa6 Bf5 32. Qc4 Rg7 33. Rd6 g4 34. Qd5 g3 35. fxg3 Ne7 36. Rxe7 Rxe7 37. Rf6 Rd7 0-1

[Event "3th Serbian Open 2023"]
[Site "Hotel Metropol, Serbia"]
[Date "2023.07.18"]
[Round "3.12"]
[White "Tenuunbold, Battulga"]
[Black "Cervantes Landeiro, Thalia"]
[Result "0-1"]
[WhiteElo "2002"]
[BlackElo "2291"]
[PlyCount "75"]
[EventDate "2023.??.??"]

1. d4 Nf6 2. c4 g6 3. Nc3 d5 4. Nf3 Bg7 5. h4 c5 6. dxc5 Qa5 7. cxd5 Ne4 8. Bd2 Nxd2 9. Qxd2 Qxc5 10. Rc1 O-O 11. e4 Qb4 12. Bd3 Bg4 13. a3 Qb6 14. Nh2 f5 15. O-O Nd7 16. Na4 Qd6 17. b4 Bh5 18. Nc5 Be5 19. f4 Bd4+ 20. Kh1 Bxc5 21. bxc5 Nxc5 22. e5 Qb6 23. Rb1 Qd8 24. Bc4 Ne4 25. Qe3 Rc8 26. Rfc1 b6 27. g4 Rxc4 28. Rxc4 Qxd5 29. Rxe4 Bxg4 30. Nxg4 fxe4 31. Rg1 Kg7 32. Kh2 Rc8 33. f5 Rc2+ 34. Rg2 Rxg2+ 35. Kxg2 gxf5 36. Qh6+ Kf7 37. Qxh7+ Ke8 38. Qxf5 0-1

[Event "SERBIA OPEN 2023 - MASTERS ?????? ???? 2"]
[Site "Belgrade, "]
[Date "2023.07.18"]
[Round "3.31"]
[White "Bukal, Vladimir Jr"]
[Black "Djokic, Mihailo"]
[Result "1/2-1/2"]
[WhiteElo "2387"]
[BlackElo "2146"]
[PlyCount "49"]
[EventDate "2023.07.16"]

1. d4 Nf6 2. c4 g6 3. g3 Bg7 4. Bg2 O-O 5. Nc3 d6 6. Nf3 Nc6 7. O-O a6 8. Bf4 Rb8 9. Rc1 b5 10. Nd5 bxc4 11. Nxf6+ Bxf6 12. Rxc4 Na5 13. Ra4 Rb5 14. Bd2 Nb7 15. Bc3 a5 16. Nd2 d5 17. e4 e6 18. exd5 exd5 19. Nb3 c5 20. dxc5 Bxc3 21. bxc3 Nxc5 22. Rd4 Nxb3 23. axb3 Qc7 24. Bxd5 Qxc3 25. Re1 1/2-1/2

[Event "SERBIA OPEN 2023 - MASTERS ?????? ???? 2"]
[Site "Belgrade, "]
[Date "2023.07.18"]
[Round "3.32"]
[White "Gkavardinas, Antonios"]
[Black "Mateus, Alejandro"]
[Result "1-0"]
[WhiteElo "2146"]
[BlackElo "2331"]
[PlyCount "111"]
[EventDate "2023.07.16"]

1. e4 c5 2. Nf3 d6 3. d4 cxd4 4. Nxd4 Nf6 5. Nc3 a6 6. Be3 e5 7. Nb3 Be6 8. f3 Be7 9. Qd2 h5 10. Nd5 Nxd5 11. exd5 Bf5 12. Be2 Bh4+ 13. g3 Bf6 14. c4 Nd7 15. Na5 Qc7 16. Rc1 O-O 17. b4 b6 18. Nc6 Rfe8 19. O-O a5 20. a3 axb4 21. axb4 Bh3 22. Rfe1 Ra3 23. Ra1 Rea8 24. Qb2 R3a4 25. Rxa4 Rxa4 26. Ra1 e4 27. Bd4 Rxa1+ 28. Qxa1 exf3 29. Bxf3 Ne5 30. Bxe5 dxe5 31. Qa8+ Kh7 32. c5 bxc5 33. bxc5 Qd7 34. Qa4 g6 35. Qc2 Qb7 36. Bg2 Bf5 37. Be4 Bg4 38. Kg2 Qc8 39. Nb4 Bh3+ 40. Kf2 Qb7 41. Qc4 Qa7 42. d6 Kg7 43. Qc3 Kh7 44. Nc2 Bg7 45. Qa3 Qb8 46. Ne3 Bf8 47. Qc3 Qa7 48. Bd5 f5 49. Qxe5 Bg7 50. Qe8 Qxc5 51. d7 Qa5 52. Bg8+ Kh6 53. d8=Q Qa1 54. Qd2 f4 55. gxf4 Qh1 56. Ng4+ 1-0

[Event "SERBIA OPEN 2023 - MASTERS ?????? ???? 2"]
[Site "Belgrade, "]
[Date "2023.07.18"]
[Round "3.33"]
[White "Granovskiy, Alexandr"]
[Black "Petrovic, Aleksa"]
[Result "1/2-1/2"]
[WhiteElo "2143"]
[BlackElo "2311"]
[PlyCount "61"]
[EventDate "2023.07.16"]

1. d4 c6 2. c4 Nf6 3. Nc3 d5 4. cxd5 cxd5 5. Bf4 e6 6. e3 Bd6 7. Bb5+ Nc6 8. Nge2 O-O 9. O-O Ne7 10. Bxd6 Qxd6 11. Bd3 a6 12. Nf4 b5 13. Nh5 Nxh5 14. Qxh5 f5 15. f4 Bd7 16. Rfc1 Rfc8 17. Qe2 b4 18. Nd1 Qb6 19. Nf2 a5 20. Qd2 Rxc1+ 21. Rxc1 Rc8 22. Bf1 Bb5 23. Rxc8+ Nxc8 24. Qc2 Nd6 25. Bxb5 Qxb5 26. Qc7 Qe2 27. g4 Ne4 28. Qd8+ Kf7 29. Qd7+ Kf8 30. Qd8+ Kf7 31. Qd7+ 1/2-1/2

[Event "SERBIA OPEN 2023 - MASTERS ?????? ???? 2"]
[Site "Belgrade, "]
[Date "2023.07.18"]
[Round "3.34"]
[White "Serikbay, Assel"]
[Black "Pajcin, Lav"]
[Result "1-0"]
[WhiteElo "2139"]
[BlackElo "2296"]
[PlyCount "69"]
[EventDate "2023.07.16"]

1. e4 c5 2. Nf3 d6 3. d4 cxd4 4. Nxd4 Nf6 5. Nc3 Nc6 6. Bg5 e6 7. Qd2 a6 8. O-O-O Bd7 9. Kb1 Nxd4 10. Qxd4 Be7 11. f4 h6 12. Bxf6 gxf6 13. Be2 Qa5 14. Bf3 O-O-O 15. Rhe1 Qc5 16. Qd2 h5 17. Re3 Kb8 18. Ne2 Rc8 19. Nd4 Rc7 20. Qe2 h4 21. Bg4 Rg8 22. Bh5 Rg7 23. e5 dxe5 24. fxe5 f5 25. Bf3 Bg5 26. Rb3 Ka7 27. Bxb7 Rxb7 28. Rxb7+ Kxb7 29. Nb3 Qe3 30. Rxd7+ Kc8 31. Qd1 Rg8 32. Rxf7 Qb6 33. Qd7+ Kb8 34. Nd4 Rc8 35. Nc6+ 1-0

[Event "SERBIA OPEN 2023 - MASTERS ?????? ???? 2"]
[Site "Belgrade, "]
[Date "2023.07.18"]
[Round "3.35"]
[White "Ronka, Erik"]
[Black "Rohit, S.."]
[Result "1-0"]
[WhiteElo "2294"]
[BlackElo "2109"]
[PlyCount "87"]
[EventDate "2023.07.16"]

1. e4 c5 2. Nf3 d6 3. d4 cxd4 4. Nxd4 Nf6 5. Nc3 a6 6. f3 e5 7. Nb3 Be6 8. Be3 Be7 9. Qd2 O-O 10. O-O-O Nbd7 11. g4 b5 12. g5 Nh5 13. Kb1 Nb6 14. Nd5 Nxd5 15. exd5 Bf5 16. Na5 f6 17. Nc6 Qd7 18. h4 Ng3 19. Rh2 Nxf1 20. Rxf1 fxg5 21. hxg5 Bg6 22. b3 Rae8 23. Kb2 Rf5 24. Rhf2 Bf7 25. a3 Bf8 26. Nb4 Qb7 27. Nc6 Kh8 28. Rh2 Kg8 29. Rfh1 Bg6 30. Rh3 Qf7 31. Qd1 a5 32. R1h2 a4 33. bxa4 bxa4 34. Nb4 Rc8 35. Qh1 Qc7 36. Bd2 Qc5 37. Rxh7 Qd4+ 38. c3 Qc4 39. Rh8+ Kf7 40. Qd1 e4 41. Qxa4 Rc7 42. Rxf8+ Kxf8 43. Rh8+ Ke7 44. Qa8 1-0

[Event "SERBIA OPEN 2023 - MASTERS ?????? ???? 2"]
[Site "Belgrade, "]
[Date "2023.07.18"]
[Round "3.36"]
[White "Southcott-Moyers, Indy"]
[Black "Saravanan, V.."]
[Result "1/2-1/2"]
[WhiteElo "2086"]
[BlackElo "2298"]
[PlyCount "104"]
[EventDate "2023.07.16"]

1. d4 Nf6 2. Nf3 g6 3. Bf4 Bg7 4. e3 O-O 5. Be2 d6 6. h3 c5 7. Nbd2 b6 8. O-O Bb7 9. c3 Nbd7 10. a4 a6 11. Bh2 Qc7 12. Bd3 e5 13. dxe5 Nxe5 14. Nxe5 dxe5 15. Qe2 Qc6 16. e4 Rfe8 17. Nc4 Nh5 18. a5 b5 19. Nb6 c4 20. Bc2 Rad8 21. Rad1 Nf4 22. Bxf4 exf4 23. Qf3 Qc7 24. Rxd8 Rxd8 25. Rd1 Rxd1+ 26. Qxd1 Be5 27. Nd7 Bg7 28. Nb6 Bc6 29. Qd2 Be5 30. Kf1 Kf8 31. f3 Ke8 32. Ke2 Qd8 33. Qxd8+ Kxd8 34. Nd5 Kd7 35. Kd2 Kd6 36. b3 cxb3 37. Bxb3 f5 38. Kd3 fxe4+ 39. fxe4 Kc5 40. Nb4 Bb7 41. Bd5 Bc8 42. Bg8 h6 43. Bh7 Bc7 44. Bxg6 Bxa5 45. Nd5 f3 46. gxf3 Bxh3 47. f4 Bf1+ 48. Kc2 Bd8 49. Ne3 Bh3 50. e5 Bc7 51. Kd2 a5 52. Ke2 Bd7 1/2-1/2

[Event "SERBIA OPEN 2023 - MASTERS ?????? ???? 2"]
[Site "Belgrade, "]
[Date "2023.07.18"]
[Round "3.37"]
[White "Avinash, Ramesh"]
[Black "Jovanovic, Sasa T"]
[Result "1-0"]
[WhiteElo "2271"]
[BlackElo "2082"]
[PlyCount "71"]
[EventDate "2023.07.16"]

1. e4 c5 2. Nf3 d6 3. d4 cxd4 4. Nxd4 Nf6 5. Nc3 Nc6 6. Bg5 e6 7. Qd2 Be7 8. O-O-O Nxd4 9. Qxd4 O-O 10. h4 Qa5 11. f3 b5 12. Bxb5 Rb8 13. Bc4 d5 14. exd5 Bc5 15. Qd3 Nxd5 16. Nxd5 exd5 17. Bb3 Be6 18. Kb1 Qb6 19. h5 h6 20. Bf4 Rb7 21. Be5 Rd8 22. Bd4 a5 23. Rh4 Qc7 24. Bxc5 Qxc5 25. Rd4 Rdb8 26. f4 Qc8 27. Qd2 Rb5 28. Re1 Qa6 29. Qd3 Qc8 30. Re5 Qc7 31. Qc3 Rc5 32. Qe3 a4 33. Bxa4 Rc3 34. Qd2 Rc4 35. Bb3 Qb6 36. c3 1-0

[Event "SERBIA OPEN 2023 - MASTERS ?????? ???? 2"]
[Site "Belgrade, "]
[Date "2023.07.18"]
[Round "3.38"]
[White "Marjanovic, Rastko"]
[Black "Carnic, Srdjan"]
[Result "1/2-1/2"]
[WhiteElo "2072"]
[BlackElo "2277"]
[PlyCount "46"]
[EventDate "2023.07.16"]

1. e4 c5 2. c3 Nf6 3. e5 Nd5 4. Nf3 d6 5. d4 cxd4 6. Qxd4 e6 7. Nbd2 Nc6 8. Bb5 Bd7 9. Bxc6 Bxc6 10. Nc4 f6 11. exd6 b5 12. Qe4 Qc8 13. Na5 Bd7 14. a4 Bxd6 15. axb5 Nxc3 16. bxc3 Qxc3+ 17. Kd1 Qxa1 18. Qxa8+ Kf7 19. Qb7 Qa4+ 20. Ke2 Qxb5+ 21. Qxb5 Bxb5+ 22. Kd1 Ba4+ 23. Ke2 Bb5+ 1/2-1/2

[Event "SERBIA OPEN 2023 - MASTERS ?????? ???? 2"]
[Site "Belgrade, "]
[Date "2023.07.18"]
[Round "3.39"]
[White "Stefanou, Konstantinos"]
[Black "Averin, Nikolay"]
[Result "0-1"]
[WhiteElo "2051"]
[BlackElo "2276"]
[PlyCount "58"]
[EventDate "2023.07.16"]

1. d4 d5 2. c4 e6 3. Nc3 Nf6 4. cxd5 exd5 5. Bg5 c6 6. e3 Bd6 7. Bd3 Nbd7 8. Nge2 Nf8 9. f3 Ng6 10. Qc2 h6 11. Bf4 Nxf4 12. exf4 Qc7 13. f5 Bd7 14. O-O O-O 15. Rfe1 Rae8 16. Kf1 c5 17. dxc5 Bxc5 18. Rac1 Qd6 19. Ng1 Bc6 20. a3 d4 21. Ne4 Nxe4 22. Rxe4 Bxe4 23. Bxe4 Qf4 24. Bd3 Bb6 25. g3 Qe5 26. Qc4 Rd8 27. Nh3 Qd5 28. Qxd5 Rxd5 29. g4 Re8 0-1

[Event "SERBIA OPEN 2023 - MASTERS ?????? ???? 2"]
[Site "Belgrade, "]
[Date "2023.07.18"]
[Round "3.40"]
[White "Kostic, Milutin B"]
[Black "Babakekhyan, Artem"]
[Result "0-1"]
[WhiteElo "2048"]
[BlackElo "2264"]
[PlyCount "102"]
[EventDate "2023.07.16"]

1. d4 Nf6 2. Nf3 g6 3. c4 Bg7 4. g3 O-O 5. Bg2 d5 6. cxd5 Nxd5 7. O-O Nc6 8. Nc3 Nb6 9. e3 Re8 10. Nh4 e5 11. d5 Na5 12. Rb1 Bd7 13. b3 Nc8 14. Qc2 Nd6 15. Ba3 Rc8 16. Bb4 b6 17. Bxa5 bxa5 18. Rfd1 e4 19. Bf1 f5 20. Rbc1 Be5 21. Ng2 Qf6 22. Ba6 Rcd8 23. Ne2 Nf7 24. Bc4 g5 25. Nd4 Bd6 26. Nc6 Bxc6 27. dxc6 Kg7 28. Bxf7 Kxf7 29. Qc4+ Kg7 30. Rd5 Re5 31. Rd4 Rc5 32. Qf1 Rxc1 33. Qxc1 Be5 34. Rxd8 Qxd8 35. Ne1 Qd5 36. Qc2 Kf6 37. Kf1 Ke6 38. Ke2 Kd6 39. f3 Qxc6 40. fxe4 fxe4 41. Qd2+ Qd5 42. Nc2 Qxd2+ 43. Kxd2 Bb2 44. Ne1 Kc5 45. Kc2 Be5 46. Kb1 Kb4 47. Nc2+ Kc3 48. Na3 Kd3 49. Nc4 Bc3 50. Kc1 a4 51. Kd1 a5 0-1

[Event "SERBIA OPEN 2023 - MASTERS ?????? ???? 2"]
[Site "Belgrade, "]
[Date "2023.07.18"]
[Round "3.41"]
[White "Cansu, Batuhan"]
[Black "Mitev, Valentin"]
[Result "0-1"]
[WhiteElo "2043"]
[BlackElo "2252"]
[PlyCount "95"]
[EventDate "2023.07.16"]

1. d4 d5 2. Nf3 Nf6 3. c4 dxc4 4. e3 Bg4 5. h3 Bh5 6. Bxc4 e6 7. b3 Bxf3 8. gxf3 Nbd7 9. Nc3 Rb8 10. Bd2 b5 11. Be2 a6 12. Qc2 c5 13. dxc5 Bxc5 14. a4 b4 15. Ne4 Nxe4 16. Qxe4 Qf6 17. Rb1 e5 18. Rc1 Qd6 19. Qd3 Rb6 20. a5 Rc6 21. Qxd6 Rxd6 22. Rc4 Rd5 23. e4 Rd6 24. Bxb4 Bxb4+ 25. Rxb4 Ke7 26. O-O Rb8 27. Rxb8 Nxb8 28. Rb1 Nc6 29. b4 Nd4 30. Kf1 Rh6 31. b5 axb5 32. Bxb5 Rxh3 33. Kg2 Rxf3 34. Bc4 Rc3 35. Rb7+ Kd6 36. Bxf7 Rc7 37. a6 Rxb7 38. axb7 Kc7 39. Bd5 Ne2 40. Bc6 h5 41. Kh2 g5 42. Be8 Nf4 43. Bc6 h4 44. f3 Ne2 45. Kg2 Nf4+ 46. Kh2 Ne6 47. Bd5 Nd4 48. Kg2 0-1

[Event "SERBIA OPEN 2023 - MASTERS ?????? ???? 2"]
[Site "Belgrade, "]
[Date "2023.07.18"]
[Round "3.42"]
[White "Gregoric, Andraz"]
[Black "Stojkovic, Nenad P"]
[Result "1-0"]
[WhiteElo "2276"]
[BlackElo "2037"]
[PlyCount "67"]
[EventDate "2023.07.16"]

1. e4 c5 2. Nf3 g6 3. c3 Bg7 4. d4 cxd4 5. cxd4 d5 6. e5 a6 7. Nc3 Nc6 8. Qb3 e6 9. Bd3 f6 10. O-O fxe5 11. Nxe5 Nge7 12. Bg5 O-O 13. Nxc6 bxc6 14. Qb4 Rf7 15. Na4 Qc7 16. f4 Rb8 17. Qc5 Nf5 18. Bxf5 Rxf5 19. Rad1 Rb5 20. Qe7 Qb8 21. a3 h6 22. Bh4 Rxf4 23. Bg3 Rxf1+ 24. Rxf1 Qa8 25. Be5 Rb7 26. Qe8+ Kh7 27. Bxg7 Kxg7 28. Rf8 Qa7 29. Rg8+ Kf6 30. Qxg6+ Ke7 31. Qg7+ Kd6 32. Qe5+ Kd7 33. Nc5+ Ke7 34. Rxc8 1-0

[Event "SERBIA OPEN 2023 - MASTERS ?????? ???? 2"]
[Site "Belgrade, "]
[Date "2023.07.18"]
[Round "3.43"]
[White "Kuru, Atilla"]
[Black "Antova, Gabriela"]
[Result "1-0"]
[WhiteElo "2030"]
[BlackElo "2240"]
[PlyCount "94"]
[EventDate "2023.07.16"]

1. Nf3 d5 2. e3 Nf6 3. c4 e6 4. Nc3 dxc4 5. Bxc4 c5 6. O-O a6 7. a4 Nc6 8. d4 Qc7 9. d5 exd5 10. Nxd5 Nxd5 11. Qxd5 Na5 12. Qe4+ Qe7 13. Qxe7+ Bxe7 14. Bd5 Be6 15. e4 Bxd5 16. exd5 Rd8 17. Rd1 Nb3 18. Rb1 O-O 19. Bf4 Bd6 20. Be3 b5 21. axb5 axb5 22. Rd3 c4 23. Rdd1 Ra8 24. g3 Rfc8 25. Ng5 Re8 26. Nf3 Kf8 27. Ng5 h6 28. Nf3 h5 29. Kg2 Ra2 30. Re1 Bb4 31. Red1 Bd6 32. Kf1 b4 33. Nd4 Nxd4 34. Bxd4 Rc8 35. Rbc1 Rc7 36. f4 f6 37. Re1 Kf7 38. Re6 Ra6 39. Kg2 c3 40. bxc3 Rc8 41. Kh3 Rc4 42. Be5 fxe5 43. fxe5 Bxe5 44. Rxa6 bxc3 45. Rc6 Re4 46. Re6 Re2 47. Rxc3 g5 1-0

[Event "SERBIA OPEN 2023 - MASTERS ?????? ???? 2"]
[Site "Belgrade, "]
[Date "2023.07.18"]
[Round "3.44"]
[White "Yilmaz, Baver"]
[Black "Karamsetty, Jeevan"]
[Result "0-1"]
[WhiteElo "2023"]
[BlackElo "2185"]
[PlyCount "68"]
[EventDate "2023.07.16"]

1. e4 d6 2. d4 Nf6 3. Nc3 e5 4. Nf3 Nbd7 5. Bc4 Be7 6. O-O O-O 7. Be3 a6 8. a4 b6 9. dxe5 dxe5 10. Qe2 c6 11. Rfd1 Qc7 12. Nh4 Nc5 13. Qf3 Bg4 14. Qg3 Bxd1 15. Rxd1 Nh5 16. Qg4 Bxh4 17. Qxh4 Nf4 18. a5 Ng6 19. Qg5 Nd7 20. h4 b5 21. Bb3 Nf6 22. h5 Nh8 23. h6 Ng6 24. hxg7 Kxg7 25. f3 Rad8 26. Rf1 Qe7 27. Kf2 Ng8 28. Qg3 h5 29. Rh1 Nf6 30. Ne2 Rh8 31. Qh3 h4 32. Bb6 Rd7 33. Rf1 c5 34. c4 Rd2 0-1

[Event "SERBIA OPEN 2023 - MASTERS ?????? ???? 2"]
[Site "Belgrade, "]
[Date "2023.07.18"]
[Round "3.45"]
[White "Ivanovic, Marko"]
[Black "Barath, Kalyan M"]
[Result "1-0"]
[WhiteElo "2254"]
[BlackElo "2020"]
[PlyCount "53"]
[EventDate "2023.07.16"]

1. e4 c5 2. Nc3 d6 3. Nf3 Nf6 4. d4 cxd4 5. Nxd4 a6 6. Bd3 g6 7. f3 Bg7 8. Be3 O-O 9. Qd2 b5 10. O-O-O Bb7 11. h4 Nc6 12. h5 Nxd4 13. Bxd4 Qa5 14. Kb1 b4 15. Ne2 e5 16. Be3 Rfc8 17. hxg6 hxg6 18. Bh6 Bh8 19. Bg5 Bg7 20. a3 Qc7 21. Qxb4 Rab8 22. Qd2 Nd7 23. Ka1 Nc5 24. Nc3 d5 25. exd5 e4 26. fxe4 Qa5 27. Bh4 1-0

[Event "SERBIA OPEN 2023 - MASTERS ?????? ???? 2"]
[Site "Belgrade, "]
[Date "2023.07.18"]
[Round "3.46"]
[White "Valiyev, Shahin"]
[Black "Petrusic, Velimir"]
[Result "1-0"]
[WhiteElo "2220"]
[BlackElo "2020"]
[PlyCount "167"]
[EventDate "2023.07.16"]

1. e4 e6 2. d4 d5 3. Nd2 Nf6 4. e5 Nfd7 5. Bd3 c5 6. c3 Nc6 7. Ne2 cxd4 8. cxd4 f6 9. exf6 Qxf6 10. Nf3 h6 11. O-O Bd6 12. Bb1 O-O 13. Ng3 Rd8 14. a3 Nf8 15. Re1 Bd7 16. b4 Be8 17. Bb2 b5 18. Qe2 a5 19. bxa5 Nxa5 20. Bd3 Nc4 21. Bxc4 bxc4 22. Nf1 Rdb8 23. Ne5 Rb3 24. Bc1 Qe7 25. Nd2 Rb6 26. Qf3 Rba6 27. Nb1 Ng6 28. Nxg6 Bxg6 29. Nc3 Qh4 30. g3 Qxd4 31. Rxe6 Bf7 32. Re1 Bxa3 33. Rd1 Qa7 34. Nxd5 Bxc1 35. Raxc1 Qc5 36. Ne3 Rf8 37. Qe4 Rc6 38. Rc3 Re8 39. Qf4 Rf6 40. Qd4 Qc7 41. Nd5 Bxd5 42. Qxd5+ Qf7 43. Qxf7+ Kxf7 44. Rxc4 Re2 45. Rf1 g5 46. Kg2 h5 47. h3 Kg6 48. Rb4 Ra2 49. Rc4 Rb2 50. Kg1 Rf3 51. Kg2 Rf6 52. g4 h4 53. Rc3 Rf4 54. Rf3 Rbb4 55. Ra1 Rxf3 56. Kxf3 Rb3+ 57. Kg2 Rc3 58. Ra6+ Kg7 59. Ra5 Kg6 60. Rf5 Ra3 61. Rf3 Ra4 62. Rb3 Rf4 63. Kf1 Kf6 64. Ke2 Ke5 65. Rb6 Ra4 66. Rg6 Ra3 67. Rxg5+ Ke4 68. f3+ Kf4 69. Rf5+ Kg3 70. g5 Kxh3 71. g6 Ra2+ 72. Ke3 Rg2 73. Rf6 Rg3 74. Kf2 Rg2+ 75. Kf1 Kh2 76. f4 Rg1+ 77. Kf2 Rg2+ 78. Kf3 h3 79. f5 Rg3+ 80. Kf4 Kg2 81. Rf8 h2 82. Rh8 Rh3 83. g7 h1=Q 84. g8=Q+ 1-0

[Event "SERBIA OPEN 2023 - MASTERS ?????? ???? 2"]
[Site "Belgrade, "]
[Date "2023.07.18"]
[Round "3.47"]
[White "Ljepic, Andrej"]
[Black "Aashman, Gupta"]
[Result "1/2-1/2"]
[WhiteElo "2214"]
[BlackElo "1905"]
[PlyCount "112"]
[EventDate "2023.07.16"]

1. e4 e5 2. Bc4 Nf6 3. d3 Nc6 4. Nf3 Be7 5. O-O O-O 6. c3 d5 7. exd5 Nxd5 8. Re1 Bg4 9. h3 Bh5 10. Nbd2 Nb6 11. Bb5 f6 12. Nc4 Kh8 13. g4 Be8 14. Nxb6 axb6 15. Be3 Bc5 16. a3 Bxe3 17. Rxe3 Ne7 18. Bxe8 Rxe8 19. d4 Nd5 20. Re4 Nf4 21. dxe5 fxe5 22. Qxd8 Raxd8 23. Nxe5 Nxh3+ 24. Kg2 Ng5 25. Re3 Kg8 26. Rae1 Nf7 27. Nf3 Rxe3 28. Rxe3 Nd6 29. Re7 Re8 30. Rxc7 Re2 31. Nd4 Rxb2 32. Ne6 Re2 33. Nxg7 Re4 34. Kf3 Rc4 35. Ne6 Rxc7 36. Nxc7 Kf7 37. a4 Nc4 38. Ke4 Nb2 39. Nd5 Nxa4 40. Ke5 Nc5 41. f4 Nd3+ 42. Ke4 Nc5+ 43. Kf5 Na4 44. g5 b5 45. Ke5 Kg6 46. Ke4 h6 47. gxh6 Kxh6 48. Kf5 Kg7 49. Ke6 Nc5+ 50. Ke7 Kg6 51. Ne3 Ne4 52. f5+ Kg5 53. Ke6 Nxc3 54. f6 Ne2 55. f7 Nf4+ 56. Kd7 Ng6 1/2-1/2

[Event "SERBIA OPEN 2023 - MASTERS ?????? ???? 2"]
[Site "Belgrade, "]
[Date "2023.07.18"]
[Round "3.48"]
[White "Mehmed, Elif"]
[Black "Karaivanova, Petya"]
[Result "1-0"]
[WhiteElo "2196"]
[BlackElo "1841"]
[PlyCount "63"]
[EventDate "2023.07.16"]

1. e4 e5 2. Nf3 Nc6 3. Bb5 a6 4. Ba4 d6 5. O-O Bd7 6. d4 Nxd4 7. Bxd7+ Qxd7 8. Nxd4 exd4 9. Qxd4 Ne7 10. Be3 Nc6 11. Qd2 Be7 12. Nc3 O-O 13. Rfe1 Rad8 14. Nd5 Ne5 15. Qc3 c6 16. Nxe7+ Qxe7 17. Rad1 Qh4 18. h3 f5 19. Qb3+ Kh8 20. exf5 Rxf5 21. Qe6 Rdf8 22. Rd4 Qh5 23. Rxd6 Re8 24. Qb3 Nf3+ 25. gxf3 Qxf3 26. Re6 Ref8 27. Bd4 Rg5+ 28. Kf1 Qg2+ 29. Ke2 c5 30. Be3 Rd5 31. Bf4 g5 32. Bg3 1-0